MQW detektory infračerveného žiarenia = MQW infrared photodetector : Dipl.práca

Guardado en:
Detalles Bibliográficos
Autor principal: Kočan, Martin (Autor)
Otros Autores: Redhammer, Robert, 1963- (Orientador), Harman, Rudolf (Orientador)
Formato: Manuscrito Libro
Lenguaje:eslovaco
Publicado: Bratislava : STU v Bratislave FEI, 1999
Materias:
Etiquetas: Agregar Etiqueta
Sin Etiquetas, Sea el primero en etiquetar este registro!

MARC

LEADER 00000ntm a22000003a 4500
001 stu52713
005 20160719164908.1
008 000320s1999----xo------------------slo-d
040 |a STU  |b slo 
041 0 |a slo 
044 |a xo 
100 1 |a Kočan, Martin  |4 aut 
245 1 |a MQW detektory infračerveného žiarenia = MQW infrared photodetector :  |b Dipl.práca 
260 |a Bratislava :  |b STU v Bratislave FEI,  |c 1999 
650 7 |a elektronika  |2 stusub 
700 1 |a Redhammer, Robert,  |d 1963-  |4 ths  |u E030  |U FEI Fakulta elektrotechniky a informatiky  |T FEI Ústav elektroniky a fotoniky  |X 1864  |U E030  |Y 549  |7 A000001864 
700 1 |a Harman, Rudolf  |4 ths